000
00297nam a2200109Ia 4500
008
230627s9999 xx 000 0 und d
041
_a
eng
082
_a
346.0438
_b
AWA
100
_a
Awasthi S. K
245
_a
Digest On Civil Pleadings : Cases And Materials
260
_a
Allahabad
_b
Law Vision
_c
1996
999
_c
702739
_d
702739